|
|
|
|
| LEADER |
00000nam0a2200000 4500 |
| 001 |
367737 |
| 005 |
20231102012019.0 |
| 035 |
|
|
|a (RuTPU)RU\TPU\retro\25100
|
| 090 |
|
|
|a 367737
|
| 100 |
|
|
|a 20220321d1973 k y0rusy50 ca
|
| 101 |
0 |
|
|a rus
|
| 102 |
|
|
|a RU
|
| 105 |
|
|
|a y z 000zy
|
| 200 |
1 |
|
|a Геохимические методы поисков месторождений золота по первичным ореолам
|e краткие тезисы докладов к предстоящему научному совещанию по геохимическим исследованиям при поисках и разведке золоторудных месторождений
|f Академия наук СССР, Междуведомственный совет по проблеме: "Научные основы геохимических методов поисков месторождений полезных ископаемых", Сибирская секция [и др.]
|
| 210 |
|
|
|a Чита
|c Редакционно-издательский сектор Забайкальского филиала географического общества СССР
|d 1973
|
| 215 |
|
|
|a 161 с.
|
| 225 |
1 |
|
|a Записки Забайкальского филиала Географического общества СССР
|v Вып. 87
|
| 316 |
|
|
|5 63413507: КР-7433
|a На форзаце дарственная надпись: «Леониду Петровичу от одного из авторов с уважением"
|
| 317 |
|
|
|5 63413507: КР-7433
|a Поступил в НТБ в 2021 г. в дар от семьи профессора ТПУ Л. П. Рихванова
|
| 606 |
1 |
|
|a Золоторудные месторождения
|2 stltpush
|3 (RuTPU)RU\TPU\subj\11877
|9 38756
|
| 606 |
1 |
|
|a Геохимическая разведка
|2 stltpush
|3 (RuTPU)RU\TPU\subj\6285
|9 34210
|
| 610 |
1 |
|
|a Библиотека Л. П. Рихванова
|
| 610 |
1 |
|
|a геохимические исследования
|
| 610 |
1 |
|
|a золото
|
| 610 |
1 |
|
|a рудные минералы
|
| 610 |
1 |
|
|a первичные ореолы
|
| 610 |
1 |
|
|a рудные формации
|
| 610 |
1 |
|
|a золотое оруденение
|
| 610 |
1 |
|
|a интрузии
|
| 610 |
1 |
|
|a дарственные надписи
|
| 610 |
1 |
|
|a дары библиотеке
|
| 675 |
|
|
|a 553.411
|v 4
|
| 675 |
|
|
|a 550.84
|v 4
|
| 712 |
0 |
2 |
|a Академия наук СССР
|b Междуведомственный совет по проблеме: "Научные основы геохимических методов поисков месторождений полезных ископаемых"
|b Сибирская секция
|c (Ленинград/Москва)
|c (1925-1991)
|2 stltpush
|3 (RuTPU)RU\TPU\col\722
|
| 712 |
0 |
2 |
|a Географическое общество Союза ССР
|b Забайкальский филиал
|c (1938-1992)
|2 stltpush
|3 (RuTPU)RU\TPU\col\8461
|
| 712 |
0 |
2 |
|a Научно-техническое горное общество
|b Читинский территориальный совет
|2 stltpush
|3 (RuTPU)RU\TPU\col\11550
|
| 801 |
|
1 |
|a RU
|b 63413507
|c 20220321
|
| 801 |
|
2 |
|a RU
|b 63413507
|c 20220704
|g RCR
|
| 942 |
|
|
|c BK
|